| 000 -LEADER |
| fixed length control field |
01907cam a2200397 i 4500 |
| 001 - CONTROL NUMBER |
| control field |
22369555 |
| 005 - DATE AND TIME OF LATEST TRANSACTION |
| control field |
20240131155110.0 |
| 008 - FIXED-LENGTH DATA ELEMENTS--GENERAL INFORMATION |
| fixed length control field |
220103s2022 coua b 001 0 eng |
| 010 ## - LIBRARY OF CONGRESS CONTROL NUMBER |
| LC control number |
2021062999 |
| 020 ## - INTERNATIONAL STANDARD BOOK NUMBER |
| International Standard Book Number |
9781955055369 X |
| Qualifying information |
(paperback) |
| 040 ## - CATALOGING SOURCE |
| Original cataloging agency |
DLC |
| Language of cataloging |
eng |
| Description conventions |
rda |
| Transcribing agency |
DLC |
| Modifying agency |
DLC |
| 042 ## - AUTHENTICATION CODE |
| Authentication code |
pcc |
| 043 ## - GEOGRAPHIC AREA CODE |
| Geographic area code |
n-us--- |
| 050 00 - LIBRARY OF CONGRESS CALL NUMBER |
| Classification number |
UA23 |
| Item number |
.S275 2022 |
| 080 ## - UNIVERSAL DECIMAL CLASSIFICATION NUMBER |
| Universal Decimal Classification number |
355(73)W-69 |
| 100 1# - MAIN ENTRY--PERSONAL NAME |
| Personal name |
Williams, John Allen, |
| Dates associated with a name |
1945- |
| Relator term |
author. |
| 9 (RLIN) |
21162 |
| 245 10 - TITLE STATEMENT |
| Title |
US national security : |
| Remainder of title |
policymakers, processes, and politics / |
| Statement of responsibility, etc. |
John Allen Williams, Stephen J. Cimbala, Sam C. Sarkesian. |
| 246 30 - VARYING FORM OF TITLE |
| Title proper/short title |
Policymakers, processes, and politics |
| 250 ## - EDITION STATEMENT |
| Edition statement |
Sixth edition. |
| 264 #1 - PRODUCTION, PUBLICATION, DISTRIBUTION, MANUFACTURE, AND COPYRIGHT NOTICE |
| Place of production, publication, distribution, manufacture |
Boulder : |
| Name of producer, publisher, distributor, manufacturer |
Lynne Rienner Publishers, |
| Date of production, publication, distribution, manufacture, or copyright notice |
2022. |
| 300 ## - PHYSICAL DESCRIPTION |
| Extent |
xii, 411 pages : |
| Other physical details |
illustrations ; |
| Dimensions |
23 cm |
| 336 ## - CONTENT TYPE |
| Content type term |
text |
| Content type code |
txt |
| Source |
rdacontent |
| 337 ## - MEDIA TYPE |
| Media type term |
unmediated |
| Media type code |
n |
| Source |
rdamedia |
| 338 ## - CARRIER TYPE |
| Carrier type term |
volume |
| Carrier type code |
nc |
| Source |
rdacarrier |
| 504 ## - BIBLIOGRAPHY, ETC. NOTE |
| Bibliography, etc. note |
Includes bibliographical references (pages 383-390) and index. |
| 520 ## - SUMMARY, ETC. |
| Summary, etc. |
"Introduces and explores the full range of actors, processes, and politics involved in the US national security process"-- |
| Assigning source |
Provided by publisher. |
| 650 #0 - SUBJECT ADDED ENTRY--TOPICAL TERM |
| Topical term or geographic name entry element |
National security |
| Geographic subdivision |
United States |
| General subdivision |
Decision making. |
| 9 (RLIN) |
21163 |
| 651 #0 - SUBJECT ADDED ENTRY--GEOGRAPHIC NAME |
| Geographic name |
United States |
| General subdivision |
Military policy |
| -- |
Decision making. |
| 9 (RLIN) |
21164 |
| 653 ## - INDEX TERM--UNCONTROLLED |
| keyword |
აშშ-ის ეროვნული უსაფრთხოება |
| 653 ## - INDEX TERM--UNCONTROLLED |
| keyword |
შეერთებული შტატები--სამხედრო პოლიტიკა--გადაწყვეტილების მიღება. |
| 700 1# - ADDED ENTRY--PERSONAL NAME |
| Personal name |
Cimbala, Stephen J., |
| Relator term |
author. |
| 9 (RLIN) |
21165 |
| 700 1# - ADDED ENTRY--PERSONAL NAME |
| Personal name |
Sarkesian, Sam C. |
| Fuller form of name |
(Sam Charles), |
| Dates associated with a name |
1927-2011, |
| Relator term |
author. |
| 9 (RLIN) |
21166 |
| 906 ## - LOCAL DATA ELEMENT F, LDF (RLIN) |
| a |
7 |
| b |
cbc |
| c |
orignew |
| d |
1 |
| e |
ecip |
| f |
20 |
| g |
y-gencatlg |
| 942 ## - ADDED ENTRY ELEMENTS (KOHA) |
| Source of classification or shelving scheme |
|
| Koha item type |
წიგნი |